[Event "DEN-ch"]
[Site "Svendborg"]
[Date "2025.04.20"]
[Round "9"]
[White "Nielsen, Viktor Haarmark"]
[Black "Thybo, Jesper Sondergaard"]
[Result "0-1"]
[WhiteElo "2350"]
[BlackElo "2560"]
[PlyCount "122"]
[EventDate "2025.04.12"]
[EventType "tourn"]
[EventRounds "9"]
[EventCountry "DEN"]
[EventCategory "7"]
[SourceTitle "CB17_2025"]
[SourceDate "2025.04.23"]
[SourceVersion "1"]
[SourceVersionDate "2025.04.23"]
[SourceQuality "1"]

1. d4 Nf6 2. c4 e6 3. Nf3 d5 4. g3 Bb4+ 5. Nbd2 dxc4 6. a3 Bxd2+ 7. Bxd2 Bd7 8. Rc1 Bc6 9. Rxc4 Bxf3 10. exf3 Nc6 11. Be3 0-0 12. Bg2 Qd7 13. 0-0 Nd5 14. Qd3 Nxe3 15. Qxe3 Ne7 16. f4 c6 17. Rd1 Rfd8 18. Be4 Nc8 19. h4 Qe7 20. Rc2 Nd6 21. Bd3 Rd7 22. Rcd2 a6 23. Qe5 Rad8 24. Kg2 Kh8 25. h5 h6 26. g4 Ne8 27. Be2 Rd5 28. Qe3 R5d7 29. Qe5 Qf6 30. Rd3 Nc7 31. g5 Qe7 32. Rg3 f6 33. gxf6 Qxf6 34. Qxf6 gxf6 35. Rg6 Rg8 36. Rxg8+ Kxg8 37. Kf3 Rg7 38. Bc4 f5 39. a4 Kf7 40. Re1 Ke7 41. Bb3 Kd6 42. Ba2 a5 43. Bb3 Rg4 44. Bc4 b5 45. Ba2 Rg8 46. Bb3 Rb8 47. Rc1 Nd5 48. Rc5 bxa4 49. Bxa4 Rxb2 50. Rxc6+ Ke7 51. Ra6 Ra2 52. Ra7+ Kf6 53. Be8 Ra3+ 54. Kg2 Nxf4+ 55. Kh2 Kg5 56. Rg7+ Kh4 57. Rg6 Ra2 58. Rxh6 Rxf2+ 59. Kg1 Kg3 60. Bb5 Nh3+ 61. Kh1 Rh2# 0-1

[Event "DEN-chT 2425 62nd"]
[Site "Denmark"]
[Date "2025.03.29"]
[Round "8.2"]
[White "Rasmussen, Karsten"]
[Black "Thybo, Jesper Sondergaard"]
[Result "1/2-1/2"]
[WhiteElo "2391"]
[BlackElo "2549"]
[PlyCount "52"]
[EventDate "2024.11.02"]
[EventType "team-tourn"]
[EventRounds "9"]
[EventCountry "DEN"]
[SourceTitle "CB16_2025"]
[SourceDate "2025.04.16"]
[SourceVersion "1"]
[SourceVersionDate "2025.04.16"]
[SourceQuality "1"]
[WhiteTeam "Aarhus/Skolerne"]
[BlackTeam "Hillerod"]
[WhiteTeamCountry "DEN"]
[BlackTeamCountry "DEN"]

1. d4 Nf6 2. Nf3 d5 3. c4 e6 4. Nc3 Bb4 5. cxd5 exd5 6. Bg5 h6 7. Bxf6 Qxf6 8. Qb3 c5 9. e3 0-0 10. dxc5 Bxc3+ 11. Qxc3 Qxc3+ 12. bxc3 Nd7 13. c6 bxc6 14. c4 dxc4 15. Bxc4 Nb6 16. Be2 Be6 17. Nd4 Bd5 18. Bf3 c5 19. Nf5 Kh7 20. Bxd5 Nxd5 21. Rc1 Rfc8 22. Nd6 Rc7 23. 0-0 Nb6 24. Nb5 Rc6 25. Rfd1 c4 26. Kf1 Rc5 1/2-1/2

[Event "DEN-chT 2425 62nd"]
[Site "Denmark"]
[Date "2025.03.02"]
[Round "7.1"]
[White "Nielsen, Viktor Haarmark"]
[Black "Thybo, Jesper Sondergaard"]
[Result "0-1"]
[WhiteElo "2343"]
[BlackElo "2549"]
[PlyCount "111"]
[EventDate "2024.11.02"]
[EventType "team-tourn"]
[EventRounds "9"]
[EventCountry "DEN"]
[SourceTitle "CB16_2025"]
[SourceDate "2025.04.16"]
[SourceVersion "1"]
[SourceVersionDate "2025.04.16"]
[SourceQuality "1"]
[WhiteTeam "Obro"]
[BlackTeam "Hillerod"]
[WhiteTeamCountry "DEN"]
[BlackTeamCountry "DEN"]

1. c4 e6 2. Nf3 d5 3. d4 Nf6 4. g3 Bb4+ 5. Bd2 Be7 6. Bg2 0-0 7. 0-0 Nbd7 8. Bc3 dxc4 9. Nfd2 Nb6 10. Qc2 Nfd5 11. Ba5 Nb4 12. Qc3 Nc6 13. Bxc6 bxc6 14. Nxc4 Qd5 15. Ne3 Qb5 16. b4 Qxe2 17. Qxc6 Bd7 18. Qc2 Qxc2 19. Nxc2 Nc4 20. Bxc7 Rfc8 21. Bf4 Ba4 22. Ne3 Bxb4 23. Nxc4 Rxc4 24. Rc1 Rac8 25. Rxc4 Rxc4 26. Bd2 a5 27. a3 Bxd2 28. Nxd2 Rxd4 29. Ra2 g5 30. f3 Kg7 31. Kf2 Rd3 32. Ne4 Bd1 33. Nxg5 h6 34. Ne4 Rxf3+ 35. Ke1 Ba4 36. Ke2 Rb3 37. Nc5 Bb5+ 38. Kf2 Rc3 39. Ne4 Rd3 40. Nc5 Rd1 41. Rc2 Ra1 42. Rc3 Ra2+ 43. Kg1 Kf6 44. Nb7 a4 45. Nd6 Be2 46. Re3 Kg6 47. Re4 Bd1 48. Re3 Bb3 49. Nb5 Bc4 50. Nd4 Bd5 51. Ne2 Kg7 52. h4 Bc4 53. Nd4 Kf6 54. Rf3+ Ke5 55. Nc6+ Kd6 56. Na5 0-1

[Event "Olympiad-45"]
[Site "Budapest"]
[Date "2024.09.16"]
[Round "6.15"]
[White "Thybo, Jesper Sondergaard"]
[Black "Zilka, Stepan"]
[Result "1/2-1/2"]
[WhiteElo "2555"]
[BlackElo "2574"]
[PlyCount "175"]
[EventDate "2024.09.11"]
[EventType "team-swiss"]
[EventRounds "11"]
[EventCountry "HUN"]
[SourceTitle "EXT 2025"]
[Source "ChessBase"]
[SourceDate "2024.10.14"]
[SourceVersion "1"]
[SourceVersionDate "2024.10.14"]
[SourceQuality "1"]
[WhiteTeam "Denmark"]
[BlackTeam "Czech Republic"]
[WhiteTeamCountry "DEN"]
[BlackTeamCountry "CZE"]

1. d4 d5 2. Nf3 Nf6 3. c4 e6 4. g3 Be7 5. Bg2 0-0 6. 0-0 dxc4 7. Qc2 a6 8. a4 Nbd7 9. Nbd2 b6 10. Ne5 Nxe5 11. Bxa8 Qxd4 12. Nf3 Nxf3+ 13. Bxf3 Nd5 14. Bd2 a5 15. Rac1 Ba6 16. Rfd1 Bc5 17. Be1 Qe5 18. Bc3 Nxc3 19. Qxc3 Bd6 20. Qxe5 Bxe5 21. Rd2 f5 22. e3 Kf7 23. Be2 c3 24. bxc3 Bb7 25. Bb5 Bd6 26. f4 Rg8 27. Kf2 g5 28. Rg1 Kf6 29. h4 h6 30. Be2 Bc6 31. Bb5 Bb7 32. Rdd1 Bd5 33. Bd3 Bc6 34. Bc2 Bc5 35. Ke2 b5 36. axb5 Bxb5+ 37. Bd3 Bc6 38. fxg5+ hxg5 39. g4 gxh4 40. gxf5 Bg2 41. Be4 h3 42. fxe6 a4 43. Bxg2 hxg2 44. Kf3 a3 45. Rxg2 Ra8 46. Ke4 Kxe6 47. Rdd2 Be7 48. Kd3 Ra4 49. Rh2 Bf6 50. Ra2 c5 51. Rh5 c4+ 52. Kc2 Be7 53. Ra1 Ra8 54. Rb1 a2 55. Ra1 Ra3 56. Kb2 Rb3+ 57. Kxa2 Rxc3 58. Re1 Bb4 59. Re2 Ra3+ 60. Kb1 Rb3+ 61. Rb2 Bc3 62. Rxb3 cxb3 63. Rb5 b2 64. Kc2 Be5 65. Kd3 Kd6 66. Ke4 Kc6 67. Rb3 Bg7 68. Kd3 Be5 69. e4 Kc5 70. Rb7 Kc6 71. Rb3 Kc5 72. Kc2 Kd4 73. Rxb2 Kxe4 74. Rb7 Bd4 75. Kd2 Be5 76. Ke2 Bd4 77. Rb4 Ke5 78. Kd3 Bf2 79. Re4+ Kd5 80. Rf4 Bg3 81. Rf5+ Be5 82. Rh5 Kd6 83. Ke4 Bc3 84. Rd5+ Kc6 85. Rd3 Be1 86. Rd1 Bf2 87. Rc1+ Kd6 88. Rh1 1/2-1/2

[Event "Olympiad-45"]
[Site "Budapest"]
[Date "2024.09.14"]
[Round "4.11"]
[White "Thybo, Jesper Sondergaard"]
[Black "Daneshvar, Bardiya"]
[Result "0-1"]
[WhiteElo "2555"]
[BlackElo "2598"]
[PlyCount "108"]
[EventDate "2024.09.11"]
[EventType "team-swiss"]
[EventRounds "11"]
[EventCountry "HUN"]
[SourceTitle "EXT 2025"]
[Source "ChessBase"]
[SourceDate "2024.10.14"]
[SourceVersion "1"]
[SourceVersionDate "2024.10.14"]
[SourceQuality "1"]
[WhiteTeam "Denmark"]
[BlackTeam "Iran"]
[WhiteTeamCountry "DEN"]
[BlackTeamCountry "IRI"]

1. d4 Nf6 2. c4 g6 3. Nc3 Bg7 4. e4 d6 5. Be2 0-0 6. Nf3 e5 7. 0-0 h6 8. dxe5 dxe5 9. Qxd8 Rxd8 10. Nxe5 Nxe4 11. Nxe4 Bxe5 12. Bxh6 Bxb2 13. Rab1 Bg7 14. Bxg7 Kxg7 15. Bf3 Nd7 16. Rfd1 Re8 17. Nc3 c6 18. Ne4 Ne5 19. Nd6 Nxf3+ 20. gxf3 Re7 21. c5 Be6 22. a4 Bd5 23. a5 Bxf3 24. Re1 Rd7 25. Rxb7 Rxb7 26. Nxb7 a6 27. Kf1 Rh8 28. Re3 Bd5 29. h3 Rb8 30. Re7 Kf6 31. Rc7 Ke5 32. Ke2 Kd4 33. Re7 Rh8 34. Re3 Be6 35. Rd3+ Kc4 36. Rf3 f5 37. Kd2 Rb8 38. Rc3+ Kb4 39. Nd6 Kxa5 40. Rg3 Rb2+ 41. Ke1 Kb4 42. Rxg6 Bb3 43. Nxf5 Kxc5 44. Ne7 Ba4 45. h4 Bb5 46. Kd1 a5 47. Kc1 Rxf2 48. h5 a4 49. h6 a3 50. h7 Rh2 51. Rg5+ Kb4 52. Rg4+ Kc3 53. Kb1 Bd3+ 54. Ka1 Kb3 0-1

[Event "Olympiad-45"]
[Site "Budapest"]
[Date "2024.09.11"]
[Round "1.30"]
[White "Andrade, Ivan"]
[Black "Thybo, Jesper Sondergaard"]
[Result "0-1"]
[WhiteElo "2132"]
[BlackElo "2555"]
[PlyCount "99"]
[EventDate "2024.09.11"]
[EventType "team-swiss"]
[EventRounds "11"]
[EventCountry "HUN"]
[SourceTitle "EXT 2025"]
[Source "ChessBase"]
[SourceDate "2024.10.14"]
[SourceVersion "1"]
[SourceVersionDate "2024.10.14"]
[SourceQuality "1"]
[WhiteTeam "Mozambique"]
[BlackTeam "Denmark"]
[WhiteTeamCountry "MOZ"]
[BlackTeamCountry "DEN"]

1. e4 e5 2. Nf3 Nc6 3. Bb5 g6 4. 0-0 Bg7 5. Re1 a6 6. Bxc6 dxc6 7. d3 c5 8. Bg5 Ne7 9. a4 a5 10. Na3 b6 11. Nc4 h6 12. Bh4 f6 13. Bg3 0-0 14. h3 Be6 15. Qe2 Qd7 16. b3 Rad8 17. Rad1 Nc6 18. c3 Rfe8 19. Qc2 Qf7 20. Nfd2 g5 21. Ne3 Rd7 22. Ndc4 Ne7 23. f3 Red8 24. Bh2 h5 25. g4 Bf8 26. Kf2 Ng6 27. Ke2 Qh7 28. Rh1 Qh8 29. Bg3 Rh7 30. Qb1 Rdd7 31. Rdg1 Nf4+ 32. Bxf4 exf4 33. Ng2 hxg4 34. hxg4 Rh2 35. Rxh2 Qxh2 36. Qf1 Rh7 37. Nd2 c6 38. Qf2 b5 39. axb5 cxb5 40. Ra1 Ra7 41. b4 cxb4 42. cxb4 Bxb4 43. Nf1 Qh7 44. Qb6 Qd7 45. Qb8+ Bf8 46. Rc1 Rb7 47. Qa8 Rc7 48. Rxc7 Qxc7 49. Qe8 Bf7 50. Qa8 0-1

[Event "DEN-ch Blitz"]
[Site "Snekkersten"]
[Date "2024.09.01"]
[Round "6"]
[White "Hector, Jonny"]
[Black "Thybo, Jesper Sondergaard"]
[Result "0-1"]
[WhiteElo "2437"]
[BlackElo "2555"]
[PlyCount "92"]
[EventDate "2024.09.01"]
[EventType "swiss (blitz)"]
[EventRounds "13"]
[EventCountry "DEN"]
[SourceTitle "CBM 221 Extra"]
[Source "ChessBase"]
[SourceDate "2024.09.30"]
[SourceVersion "1"]
[SourceVersionDate "2024.09.30"]
[SourceQuality "1"]

1. e4 e5 2. Nf3 Nc6 3. d4 exd4 4. Nxd4 Nf6 5. Nxc6 bxc6 6. e5 Qe7 7. Qe2 Nd5 8. Nd2 g6 9. Ne4 Bg7 10. c4 Ba6 11. f4 0-0 12. Qf2 Nb6 13. b3 d6 14. Bb2 dxe5 15. f5 gxf5 16. Qxf5 Bc8 17. Qf2 f5 18. Nc3 e4 19. 0-0-0 a5 20. a4 Nd7 21. Kb1 Rb8 22. Ka2 Qb4 23. Qc2 Nc5 24. Ba3 Qb6 25. Nb5 cxb5 26. cxb5 Nd3 27. Bxf8 Bxf8 28. Bxd3 exd3 29. Rxd3 Qf6 30. Qc4+ Be6 31. Qd4 Qxd4 32. Rxd4 Bc5 33. Rd2 Kf7 34. Re1 Rg8 35. Rc2 Bd6 36. b6 cxb6 37. Rc6 Rxg2+ 38. Kb1 Rd2 39. Kc1 Rd5 40. Rxb6 Bf4+ 41. Kb2 Rd6 42. Rxd6 Bxd6 43. Rf1 f4 44. h4 Bc5 45. Rd1 f3 46. Rc1 Bh3 0-1

[Event "DEN-ch Blitz"]
[Site "Snekkersten"]
[Date "2024.09.01"]
[Round "2"]
[White "Hove, Esben Kjems"]
[Black "Thybo, Jesper Sondergaard"]
[Result "0-1"]
[WhiteElo "2297"]
[BlackElo "2555"]
[PlyCount "34"]
[EventDate "2024.09.01"]
[EventType "swiss (blitz)"]
[EventRounds "13"]
[EventCountry "DEN"]
[SourceTitle "CBM 221 Extra"]
[Source "ChessBase"]
[SourceDate "2024.09.30"]
[SourceVersion "1"]
[SourceVersionDate "2024.09.30"]
[SourceQuality "1"]

1. d4 Nf6 2. Nf3 d5 3. g3 c5 4. c3 Nc6 5. Bg2 cxd4 6. cxd4 Bf5 7. 0-0 e6 8. a3 h6 9. Nbd2 Be7 10. b4 0-0 11. Bb2 Rc8 12. Rc1 Qb6 13. Nb3 a5 14. bxa5 Nxa5 15. Nxa5 Qxb2 16. Rxc8 Rxc8 17. Qa4 Bc2 0-1

[Event "DEN-ch Blitz"]
[Site "Snekkersten"]
[Date "2024.09.01"]
[Round "12"]
[White "Thybo, Jesper Sondergaard"]
[Black "Pedersen, Daniel Vesterbaek"]
[Result "1/2-1/2"]
[WhiteElo "2555"]
[BlackElo "2192"]
[PlyCount "147"]
[EventDate "2024.09.01"]
[EventType "swiss (blitz)"]
[EventRounds "13"]
[EventCountry "DEN"]
[SourceTitle "CBM 221 Extra"]
[Source "ChessBase"]
[SourceDate "2024.09.30"]
[SourceVersion "1"]
[SourceVersionDate "2024.09.30"]
[SourceQuality "1"]

1. Nf3 c5 2. c4 Nf6 3. Nc3 Nc6 4. d4 cxd4 5. Nxd4 e6 6. e4 Bb4 7. Nxc6 bxc6 8. Bd3 d6 9. 0-0 0-0 10. h3 Bxc3 11. bxc3 Qa5 12. Qc2 Ba6 13. Be3 Rfd8 14. Rad1 h6 15. f4 Nd7 16. Rf3 Nc5 17. f5 Nxd3 18. Qxd3 Qe5 19. f6 d5 20. exd5 Rxd5 21. Bd4 Qh5 22. fxg7 Rg5 23. Qe3 Bxc4 24. Rd2 Bd5 25. Rg3 Rb8 26. Rxg5 Qxg5 27. Qxg5 hxg5 28. Bxa7 Ra8 29. Bd4 Rxa2 30. Rxa2 Bxa2 31. Kf2 Bd5 32. g4 Kh7 33. Bf6 c5 34. Kg3 c4 35. Be5 Be4 36. h4 gxh4+ 37. Kxh4 Bd5 38. Kg5 Kg8 39. Kf6 Be4 40. g5 Bd3 41. Ke7 Bg6 42. Kd6 Bd3 43. Kc5 Kh7 44. Kd4 Kg8 45. Bf6 Kh7 46. Ke5 Kg8 47. Kd6 Kh7 48. Kd7 Kg8 49. Ke7 Be4 50. Kd6 Bd3 51. Be5 Be4 52. Kc5 Bd3 53. Kd4 Kh7 54. Bf6 Kg8 55. Ke5 Kh7 56. Kd6 Kg8 57. Ke7 Bf5 58. Bd4 Bg6 59. Kf6 Kh7 60. Bc5 Kg8 61. Bf8 Kh7 62. Ba3 Kg8 63. Bc1 Kh7 64. Be3 Kg8 65. Bd4 Kh7 66. Be5 Kg8 67. Ke7 Bd3 68. Bf6 Bg6 69. Kd6 Kh7 70. Ke5 Kg8 71. Kf4 Kh7 72. Ke3 Kg8 73. Kd4 Bd3 74. Kc5 1/2-1/2

[Event "DEN-ch Blitz"]
[Site "Snekkersten"]
[Date "2024.09.01"]
[Round "5"]
[White "Thybo, Jesper Sondergaard"]
[Black "Pedersen, Gunnar"]
[Result "1-0"]
[WhiteElo "2555"]
[BlackElo "2195"]
[PlyCount "47"]
[EventDate "2024.09.01"]
[EventType "swiss (blitz)"]
[EventRounds "13"]
[EventCountry "DEN"]
[SourceTitle "CBM 221 Extra"]
[Source "ChessBase"]
[SourceDate "2024.09.30"]
[SourceVersion "1"]
[SourceVersionDate "2024.09.30"]
[SourceQuality "1"]

1. Nf3 Nf6 2. g3 d5 3. Bg2 c6 4. 0-0 Bg4 5. h3 Bh5 6. c4 e6 7. d4 Nbd7 8. Qb3 Qb6 9. Nc3 Be7 10. Bf4 0-0 11. c5 Qxb3 12. axb3 b5 13. b4 Rfe8 14. Ra6 Nb8 15. Bxb8 Rexb8 16. Rxc6 a5 17. Ra1 axb4 18. Rxa8 Rxa8 19. Nxb5 h6 20. g4 Bg6 21. Ne5 Be4 22. Rc7 Kf8 23. Ra7 Rb8 24. Rxe7 1-0

[Event "DEN-ch Rapid"]
[Site "Snekkersten"]
[Date "2024.08.31"]
[Round "5"]
[White "Bjerre, Jonas Buhl"]
[Black "Thybo, Jesper Sondergaard"]
[Result "1-0"]
[WhiteElo "2648"]
[BlackElo "2554"]
[PlyCount "113"]
[EventDate "2024.08.31"]
[EventType "swiss (rapid)"]
[EventRounds "9"]
[EventCountry "DEN"]
[SourceTitle "CBM 221 Extra"]
[Source "ChessBase"]
[SourceDate "2024.09.30"]
[SourceVersion "1"]
[SourceVersionDate "2024.09.30"]
[SourceQuality "1"]

1. e4 e5 2. Nf3 Nc6 3. Bb5 Nf6 4. d3 Bc5 5. Bxc6 dxc6 6. h3 0-0 7. Nc3 Re8 8. Be3 Bxe3 9. fxe3 a5 10. 0-0 Qe7 11. Qe1 b5 12. Ne2 c5 13. Ng3 c4 14. Nh4 g6 15. Qf2 Ra6 16. a4 bxa4 17. Rxa4 cxd3 18. cxd3 Rf8 19. Nf3 Bd7 20. Ra3 Bb5 21. Rc1 Rd8 22. Qd2 a4 23. Rac3 c6 24. Qc2 Qd6 25. Ne1 a3 26. bxa3 Rxa3 27. Rxa3 Qxa3 28. Qc3 Qxc3 29. Rxc3 Ra8 30. Nc2 h5 31. Nf1 Ra2 32. Na3 h4 33. Nxb5 cxb5 34. Rb3 Ra5 35. Nd2 Ra1+ 36. Kf2 Ra2 37. Ke1 Ra5 38. Rb4 Nh5 39. Nf3 Ra1+ 40. Kd2 Ra2+ 41. Kd1 Rxg2 42. Rxb5 Ng3 43. Nxh4 Rh2 44. Nf3 Rxh3 45. Nxe5 Nf1 46. Rb8+ Kg7 47. Rb7 Nxe3+ 48. Ke2 Nc2 49. Rxf7+ Kg8 50. Rd7 g5 51. Ng4 Rg3 52. Nh6+ Kh8 53. Nf5 Rg2+ 54. Kf1 Rd2 55. e5 g4 56. e6 g3 57. e7 1-0

[Event "Skanderborg Smuk"]
[Site "Skanderborg"]
[Date "2024.08.23"]
[Round "7"]
[White "Vinter Schou, Uffe"]
[Black "Thybo, Jesper Sondergaard"]
[Result "0-1"]
[WhiteElo "2340"]
[BlackElo "2554"]
[PlyCount "94"]
[EventDate "2024.08.17"]
[EventType "tourn"]
[EventRounds "9"]
[EventCountry "DEN"]
[EventCategory "8"]
[SourceTitle "CBM 221 Extra"]
[Source "ChessBase"]
[SourceDate "2024.09.30"]
[SourceVersion "1"]
[SourceVersionDate "2024.09.30"]
[SourceQuality "1"]

1. e4 e5 2. Nf3 Nc6 3. Bb5 g6 4. d4 exd4 5. c3 dxc3 6. Nxc3 h6 7. 0-0 Bg7 8. Bd2 a6 9. Bc4 Nge7 10. Qc1 d6 11. Nd5 Nxd5 12. exd5 Ne7 13. h4 Bg4 14. Nh2 Bd7 15. Re1 0-0 16. Bxh6 Bxh6 17. Qxh6 Nf5 18. Qg5 Nxh4 19. Qf4 g5 20. Qd4 f5 21. g3 Ng6 22. Bb3 Qf6 23. Qd2 Kg7 24. Rac1 Rac8 25. Nf3 g4 26. Nd4 Ne5 27. Rc3 Rfe8 28. Rec1 c5 29. dxc6 bxc6 30. Ba4 c5 31. Bxd7 cxd4 32. Bxc8 dxc3 33. Qxc3 Nf3+ 34. Kg2 Qxc3 35. Rxc3 Re1 36. Rxf3 gxf3+ 37. Kxf3 Kf6 38. Bxa6 Rb1 39. Bc4 Rxb2 40. Bb3 Ke5 41. Ke3 d5 42. f4+ Kd6 43. Bd1 Rg2 44. Kf3 Rxa2 45. g4 Rd2 46. Ba4 Rd3+ 47. Ke2 Rd4 0-1

[Event "Skanderborg Smuk"]
[Site "Skanderborg"]
[Date "2024.08.22"]
[Round "6"]
[White "Thybo, Jesper Sondergaard"]
[Black "Kanov, Nikola"]
[Result "1/2-1/2"]
[WhiteElo "2554"]
[BlackElo "2414"]
[PlyCount "63"]
[EventDate "2024.08.17"]
[EventType "tourn"]
[EventRounds "9"]
[EventCountry "DEN"]
[EventCategory "8"]
[SourceTitle "CBM 221 Extra"]
[Source "ChessBase"]
[SourceDate "2024.09.30"]
[SourceVersion "1"]
[SourceVersionDate "2024.09.30"]
[SourceQuality "1"]

1. Nf3 c5 2. c4 Nc6 3. d4 cxd4 4. Nxd4 Nf6 5. Nc3 e6 6. e4 Bb4 7. Nxc6 bxc6 8. Bd3 e5 9. 0-0 0-0 10. h3 Qe7 11. Be3 Rd8 12. Qc2 h6 13. Rad1 Bb7 14. a3 Bxc3 15. Qxc3 d5 16. Qb4 Qxb4 17. axb4 dxc4 18. Bxc4 Nxe4 19. Rxd8+ Rxd8 20. Re1 Nd2 21. Be2 Nb3 22. Bxa7 Ra8 23. Bb6 Ra4 24. Bd3 Ba6 25. b5 Bxb5 26. Bc2 Ra1 27. Rxa1 Nxa1 28. Bd1 Bc4 29. Ba4 Bb5 30. Bd1 Bc4 31. Ba4 Bb5 32. Bd1 1/2-1/2

[Event "Skanderborg Smuk"]
[Site "Skanderborg"]
[Date "2024.08.19"]
[Round "3"]
[White "Kosakowski, Jakub"]
[Black "Thybo, Jesper Sondergaard"]
[Result "1/2-1/2"]
[WhiteElo "2501"]
[BlackElo "2554"]
[PlyCount "108"]
[EventDate "2024.08.17"]
[EventType "tourn"]
[EventRounds "9"]
[EventCountry "DEN"]
[EventCategory "8"]
[SourceTitle "CBM 221 Extra"]
[Source "ChessBase"]
[SourceDate "2024.09.30"]
[SourceVersion "1"]
[SourceVersionDate "2024.09.30"]
[SourceQuality "1"]

1. e4 e5 2. Nf3 Nc6 3. d4 exd4 4. Nxd4 Nf6 5. Nxc6 bxc6 6. Bd3 d5 7. exd5 cxd5 8. 0-0 Be7 9. c4 0-0 10. Nc3 Bb7 11. Qb3 dxc4 12. Bxh7+ Kxh7 13. Qxb7 Qd7 14. Rd1 Bd6 15. Bf4 Rfb8 16. Qf3 Qf5 17. Rd4 g5 18. Bxd6 Qxf3 19. gxf3 cxd6 20. Rxd6 Kg7 21. Rb1 Rd8 22. Rc6 Rac8 23. Rxc8 Rxc8 24. Rc1 Rd8 25. Rd1 Rb8 26. Rd2 Nh5 27. Ne2 Kg6 28. Kf1 f6 29. Rc2 Ng7 30. f4 g4 31. f5+ Kg5 32. Rxc4 Rxb2 33. Ra4 Nh5 34. Nd4 Rb1+ 35. Ke2 Nf4+ 36. Ke3 Nd5+ 37. Kd2 Rb2+ 38. Nc2 Rb7 39. Ra5 Rd7 40. Ne3 Nf4+ 41. Ke1 Rh7 42. Nd5 Nxd5 43. Rxd5 Rxh2 44. Rd7 Kxf5 45. Rxa7 Kf4 46. Kf1 f5 47. Ra4+ Kg5 48. Ra5 Rh3 49. Kg2 Rc3 50. Ra8 Rc2 51. Rg8+ Kf6 52. Rf8+ Kg5 53. Rg8+ Kf6 54. Rf8+ Ke5 1/2-1/2

[Event "Bundesliga 2324"]
[Site "Germany"]
[Date "2024.04.27"]
[Round "14.5"]
[White "Baidetsky, Valentin"]
[Black "Thybo, Jesper Sondergaard"]
[Result "1/2-1/2"]
[WhiteElo "2471"]
[BlackElo "2539"]
[PlyCount "61"]
[EventDate "2023.10.21"]
[EventType "team-tourn"]
[EventRounds "15"]
[EventCountry "GER"]
[SourceTitle "CBM 219 Extra"]
[Source "ChessBase"]
[SourceDate "2024.05.31"]
[SourceVersion "1"]
[SourceVersionDate "2024.05.31"]
[SourceQuality "1"]
[WhiteTeam "Muenchen Zugzwang"]
[BlackTeam "Kiel Turm"]
[WhiteTeamCountry "GER"]
[BlackTeamCountry "GER"]

1. e4 e5 2. Nf3 Nc6 3. Bc4 Bc5 4. c3 Nf6 5. d3 d6 6. Nbd2 0-0 7. h3 Bb6 8. Bb3 Ne7 9. Nc4 Be6 10. Bg5 Ng6 11. Nh4 Kh8 12. Nxb6 Bxb3 13. axb3 axb6 14. 0-0 Qe7 15. Nf5 Qe6 16. c4 Nd7 17. Qc2 f6 18. Be3 Ne7 19. Nxe7 Qxe7 20. d4 exd4 21. Bxd4 h6 22. f3 Qe6 23. Rfe1 Qg8 24. Ra3 Rfe8 25. Rea1 Rxa3 26. bxa3 Qe6 27. a4 Ra8 28. Qc3 Ne5 29. Qc2 Nc6 30. Bc3 Ne5 31. Bd4 1/2-1/2